When Did They Live? #6 - Statistics

General Stats
  • This quiz has been taken 112 times
  • The average score is 7 of 10
Answer Stats
Name Description Answer % Correct
Abraham Lincoln President 1809–1865
99%
John Lennon Musician 1940–1980
97%
Mahatma Gandhi Lawyer 1869–1948
91%
Grigori Rasputin Mystic 1869–1916
85%
Louis XVI King 1754–1793
75%
Caligula Emperor 12–41
69%
Anne Boleyn Queen 1501 or 1507–1536
64%
Harold Godwinson King 1022–1066
44%
Thomas Becket Lord Chancellor 1119–1170
36%
Archimedes Mathematician 287–212 BC
25%
No matching quizzes found
Score Distribution
Percent of People with Each Score
Percentile by Number Answered
Your Score History
You have not taken this quiz